000 00349nam a2200133Ia 4500
008 240624s9999 xx 000 0 und d
041 _aeng
082 _a332.6457 RED
100 _aREDHEAD KEITH
245 _aFINANCIAL DERIVATIVES AN INTRODUCTION TO
260 _c2003
_aNew Delhi
_bPrentice-Hall
300 _axiv, : 377 : p. : cm. ; 24
365 _cRS
999 _c257
_d257